Plantilla Real Madrid CF Femenino 2023/24 con fotos - Estadísticas

Estadísticas generales
  • Esta prueba ha sido intentada 43 veces
  • La puntuación promedio es 11 de 25
Estadísticas de respuestas
Imagen Respuesta % Correcto
Misa Rodríguez
97%
Olga Carmona
97%
Athenea del Castillo
90%
Linda Caicedo
72%
Teresa Abelleira
62%
Ivana Andrés
54%
Carla Camacho
51%
Oihane Hernández
51%
Sofie Svava
51%
Naomie Feller
46%
Caroline Weir
44%
Claudia Zornoza
41%
Signe Bruun
38%
Caroline Møller
33%
Kathellen Sousa
33%
Hayley Raso
31%
Kenti Robles
31%
Maite Oroz
31%
Rocío Gálvez
31%
Sandie Toletti
31%
Mylène Chavas
28%
Pau Comendador
28%
Marisa García
21%
Freja Siri
18%
Olaya Enrique
15%
No se encontraron pruebas coincidentes
Distribución de puntuación
Porcentaje de gente con cada puntuación
Porcentaje por número respondido
Historial de tus puntuaciones
No has intentado esta prueba.